[Event "Voronezh op-B 23rd"]
[Site "Voronezh"]
[Date "2019.06.14"]
[Round "3"]
[White "Ivanova, Anastasiya1111"]
[Black "Zhuravlev, Ignat"]
[Result "1/2-1/2"]
[WhiteElo "1367"]
[BlackElo "1689"]
[PlyCount "71"]
[EventDate "2019.06.12"]
[EventType "swiss"]
[EventRounds "9"]
[EventCountry "RUS"]
[SourceTitle "EXT 2020"]
[Source "ChessBase"]
[SourceDate "2019.10.17"]
[SourceVersion "1"]
[SourceVersionDate "2019.10.17"]
[SourceQuality "1"]

1. d4 e6 2. e4 d5 3. Nd2 dxe4 4. Nxe4 Bd7 5. Nf3 Bc6 6. Bd3 Nd7 7. 0-0 Ngf6 8. Qe2 Be7 9. c3 0-0 10. Ne5 Bxe4 11. Bxe4 Nxe4 12. Qxe4 c6 13. Nxd7 Qxd7 14. Bf4 Bd6 15. Bxd6 Qxd6 16. Rfe1 Rad8 17. Re3 Rd7 18. Qe5 Rfd8 19. Qxd6 Rxd6 20. Kf1 f6 21. Rae1 Kf7 22. f4 R8d7 23. Kf2 Rc7 24. Kf3 c5 25. dxc5 Rxc5 26. Re4 Rb6 27. R4e2 Rcb5 28. b3 Rd5 29. c4 Rd3+ 30. Re3 Rd2 31. R3e2 Rd3+ 32. Re3 Rd2 33. R3e2 Rd3+ 34. Re3 Rd2 35. R3e2 Rd3+ 36. Re3 1/2-1/2